K teórii spoločenských foriem

Salvato in:
Dettagli Bibliografici
Autore principale: Tökei, Ferenc
Natura: Libro
Lingua:slovacco
Pubblicazione: Bratislava Pravda 1982
Tags: Aggiungi Tag
Nessun Tag, puoi essere il primo ad aggiungerne!!

MARC

LEADER 00000nam a2200000 4500
001 c119531
005 20250522110823.7
041 0 |a slo 
044 |a SK 
245 1 0 |a K teórii spoločenských foriem  |c Ferenc Tökei 
264 1 |a Bratislava  |b Pravda  |c 1982 
300 |a 196 s. 
100 1 |a Tökei, Ferenc